Top 100 Girl Names of 1900 in the US - Statistics

General Stats
  • This quiz has been taken 106 times
  • The average score is 45 of 100
Answer Stats
Answer % Correct
9 M Marie
97%
1 M Mary
97%
92 A Ann
90%
3 A Anna
87%
6 E Elizabeth
87%
4 M Margaret
83%
65 K Katherine
80%
13 E Emma
79%
45 L Laura
76%
2 H Helen
73%
26 F Frances
70%
5 R Ruth
70%
37 S Sarah
68%
27 D Dorothy
66%
7 F Florence
66%
17 G Grace
66%
14 A Alice
63%
36 E Edith
63%
18 R Rose
63%
33 E Eva
62%
70 E Evelyn
62%
35 L Louise
62%
61 L Lucy
62%
11 A Annie
61%
34 C Catherine
61%
42 E Ella
61%
82 E Ellen
59%
39 E Esther
59%
12 E Edna
58%
28 M Martha
58%
100 B Betty
56%
99 N Nancy
56%
83 N Nora
56%
88 E Eleanor
55%
46 J Julia
55%
40 L Lillie
55%
31 I Irene
54%
38 E Elsie
52%
19 C Clara
51%
23 G Gertrude
51%
10 L Lillian
51%
69 R Rosa
51%
16 B Bertha
49%
72 A Ada
48%
8 E Ethel
48%
30 I Ida
48%
56 B Beatrice
46%
75 M Maggie
46%
76 V Vera
46%
20 M Mildred
45%
74 V Virginia
45%
47 J Josephine
44%
87 G Georgia
42%
51 R Ruby
42%
81 D Daisy
41%
41 A Agnes
39%
21 G Gladys
39%
22 M Minnie
39%
43 N Nellie
39%
55 C Cora
38%
66 M Marion
38%
91 M May
38%
62 F Fannie
37%
95 O Olive
37%
98 S Sallie
37%
15 B Bessie
35%
64 J Jennie
35%
25 M Mabel
35%
79 D Dora
34%
53 J Jessie
34%
52 L Lena
34%
29 H Hazel
32%
77 M Maude
32%
50 H Hattie
31%
32 M Myrtle
31%
71 P Pauline
31%
24 P Pearl
31%
67 L Lucille
28%
96 B Bernice
25%
68 S Stella
23%
57 A Alma
21%
60 B Blanche
21%
49 V Viola
21%
97 L Lottie
20%
73 T Thelma
20%
48 C Carrie
18%
80 S Susie
17%
78 B Beulah
15%
85 L Leona
15%
58 W Willie
14%
89 E Effie
13%
54 M Mae
13%
84 S Sadie
13%
90 D Della
10%
59 M Mamie
10%
44 M Mattie
10%
94 N Nettie
8%
93 K Kathryn
7%
63 L Lula
7%
86 M Marguerite
3%
No matching quizzes found
Score Distribution
Percent of People with Each Score
Percentile by Number Answered
Your Score History
You have not taken this quiz